000 00593nam a2200229Ia 4500
003 OSt
005 20221005123725.0
006 a|||||r|||| 00| 0
007 ta
008 221004b |||||||| |||| 00| 0 mal d
024 _a54553
037 _cTextual
040 _aCRL
_cCRL
_bmal
041 _2mal
_amal
082 _aO32,1KPUw, H5
100 _aBoodiri Krishnan
_9634124
245 0 _aMahakavi Poonam Namboodiri
260 _c1945
650 _aMALAYALAM LITERATURE
_938866
942 _hO32,1KPUw, H5
_cTEXL
_2cc
999 _c1048276
_d1048276